Multiple Choice City Quiz – Cairo - Statistics

General Stats
  • This quiz has been taken 1,102 times
  • The average score is 7 of 10
Answer Stats
Question Answer % Correct
Which river flows through Cairo? Nile
99%
In which surrounding city is the Pyramid complex located? Giza
93%
Which desert surrounds Cairo? Sahara
86%
Which American city shares its name with an ancient Egyptian capital located near Cairo? Memphis
85%
According to the (erroneous) rumour, which French leader would be responsible for breaking the Sphinx's nose? Napoléon Bonaparte
82%
Which of the Indiana Jones films is partly set in Cairo? Raiders of the Lost Ark
60%
By what nickname is Cairo also known? The City of a Thousand Minarets
56%
Which of them has never visited Cairo? Muhammad
55%
Which pharaoh commissioned the construction of the Great Pyramid? Khufu
40%
Where are you if you are visiting Khan el-Khalili? In a bazaar
34%
No matching quizzes found
Score Distribution
Percent of People with Each Score
Percentile by Number Answered
Your Score History
You have not taken this quiz